Great Answers, Great Questions For Your Job Interview (Record no. 1652)

MARC details
000 -LEADER
fixed length control field 00361nam a2200145Ia 4500
003 - CONTROL NUMBER IDENTIFIER
control field OSt
008 - FIXED-LENGTH DATA ELEMENTS--GENERAL INFORMATION
fixed length control field 191201s2005 xx 000 0 und d
082 ## - DEWEY DECIMAL CLASSIFICATION NUMBER
Classification number 650.144
Item number BLG
100 ## - MAIN ENTRY--PERSONAL NAME
Personal name BLOCK, Jay A
245 #0 - TITLE STATEMENT
Title Great Answers, Great Questions For Your Job Interview
260 ## - PUBLICATION, DISTRIBUTION, ETC. (IMPRINT)
Place of publication, distribution, etc New Delhi
Name of publisher, distributor, etc TMH
Date of publication, distribution, etc 2005
300 ## - PHYSICAL DESCRIPTION
Extent 200
650 ## - SUBJECT ADDED ENTRY--TOPICAL TERM
Topical term or geographic name as entry element General Books
942 ## - ADDED ENTRY ELEMENTS (KOHA)
Source of classification or shelving scheme Dewey Decimal Classification
Koha item type Text Books
Holdings
Withdrawn status Lost status Source of classification or shelving scheme Damaged status Not for loan Collection code Home library Current library Date acquired Source of acquisition Cost, normal purchase price Bill Number Total Checkouts Full call number Acc. no. / Barcode Date last seen Bill Date Koha item type Public note
    Dewey Decimal Classification     GENERAL PIET C-LIBRARY PIET C-LIBRARY 19/08/2006 M/s UDH , Delhi 250.00 125382   650.144 BLG 2916 04/12/2019 23/08/2005 Text Books Language
    Dewey Decimal Classification     GENERAL PIET C-LIBRARY PIET C-LIBRARY 19/08/2006 M/s UDH , Delhi 250.00 125382   650.144 BLG 2917 04/12/2019 23/08/2005 Text Books  
    Dewey Decimal Classification     GENERAL PIET C-LIBRARY PIET C-LIBRARY 19/08/2006 M/s UDH , Delhi 250.00 125382   650.144 BLG 2918 04/12/2019 23/08/2005 Text Books Competition

Design & Developed by: PIET Central Library
R70 Miles Stone Pattikalyana Samalkha Panipat 132102
mail ID :- [email protected], Phone No:- 0180-2569700 Ex.216